Football - Equipe ayant dominé le championnat de D1 de 1933 à 1939 - Statistiques

Statistiques générales
  • Ce quiz a été pris 48 fois
  • Le résultat moyen est 5 sur 10
Statistiques - réponses
Réponse % Correct
O.Marseille
93%
O.Lillois
90%
RC Paris
83%
FC Sochaux M.
69%
RC Strasbourg
57%
Excelsior Roubaix
45%
FC Sète
45%
AS Cannes
26%
SC Fives
7%
FC Antibes
2%
Aucun quiz correspondant
Distribution des résultats
% des personnes avec chaque résultat
Percentile par nombre de réponses
Votre historique - résultats
Vous n’avez pas pris ce quiz